Features on A$AP Rocky Albums - Statistics

General Stats
  • This quiz has been taken 56 times
  • The average score is 25 of 56
Answer Stats
Song Answer % Correct
Kendrick Lamar
95%
1Train Kendrick Lamar
95%
Kanye West
89%
F**kin' Problems Drake
87%
Holy Ghost Joe Fox
82%
Fine Whine Joe Fox
82%
Jukebox Joints Joe Fox
82%
Max B Joe Fox
82%
Pharsyde Joe Fox
82%
Praise The Lord (Da Shine) Skepta
82%
2 Chainz
76%
Brand New Guy ScHoolboy Q
76%
PMW (All I Really Need) ScHoolboy Q
76%
Electric Body ScHoolboy Q
76%
Purity Frank Ocean
68%
Future
66%
M'$ Lil Wayne
66%
Kid Cudi
63%
Miguel
58%
A$AP Ferg
55%
Joey Bada$$
55%
Danny Brown
53%
Wild For The Night Skrillex
53%
Action Bronson
47%
M.I.A.
47%
Fukk Sleep FKA Twigs
45%
Brotha Man French Montana
45%
Yelawolf
45%
Wavybone Juicy J
42%
Gunz N Butter Juicy J
42%
CALLDROPS Kodak Black
42%
A$AP Forever Moby
42%
Big K.R.I.T.
37%
Everyday Rod Stewart
37%
T.I.
37%
Canal St. BONES
32%
Trilla A$AP NAST
29%
A$AP Twelvyy
26%
Back Home Mos Def
26%
Hell Santigold
26%
UGK
24%
Mark Ronson
21%
SpaceGhostPurrp
21%
Get Lit Fat Tony
16%
West Side Highway James Fauntleroy
16%
Yams
16%
Ghetto Symphony Gunplay
13%
Leaf Main Attrakionz
13%
Birdy Nam Nam
11%
I Come Apart Florence Welch
11%
Purple Swag REMIX Bun B
8%
Pain OverDoz.
8%
Paul Wall
8%
Acyde
3%
Keep It G Chase Infinite
3%
Killa Kyleon
3%
No matching quizzes found
Score Distribution
Percent of People with Each Score
Percentile by Number Answered
Your Score History
You have not taken this quiz